ბათუმის შოთა რუსთაველის სახელმწიფო უნივერსიტეტის ბიბლიოთეკა

Конституционное (Государственное) право зарубежных стран.. (ბიბ.ჩანაწერი № 35947)

000 -LEADER
fixed length control field 00741nam a2200229Ia 4500
001 - CONTROL NUMBER
control field 1846
003 - CONTROL NUMBER IDENTIFIER
control field GE_BSU
008 - FIXED-LENGTH DATA ELEMENTS--GENERAL INFORMATION
fixed length control field 181216s||||||||xx |||||||||||||| ||und||
020 ## - INTERNATIONAL STANDARD BOOK NUMBER
International Standard Book Number 9485482015223
040 ## - CATALOGING SOURCE
Transcribing agency GE_BSU
080 ## - UNIVERSAL DECIMAL CLASSIFICATION NUMBER
Universal Decimal Classification number 342(1-87)(075.8)
100 ## - MAIN ENTRY--PERSONAL NAME
Personal name Автономов, А.С.
245 ## - TITLE STATEMENT
Title Конституционное (Государственное) право зарубежных стран..
245 ## - TITLE STATEMENT
Remainder of title Учебнтк для студентов
260 ## - PUBLICATION, DISTRIBUTION, ETC.
Place of publication, distribution, etc. Москва
260 ## - PUBLICATION, DISTRIBUTION, ETC.
Name of publisher, distributor, etc. Проспект
260 ## - PUBLICATION, DISTRIBUTION, ETC.
Date of publication, distribution, etc. 2007
300 ## - PHYSICAL DESCRIPTION
Extent 560 с. 21 см.
653 ## - INDEX TERM--UNCONTROLLED
Uncontrolled term Конституционное (государственное) право зарубежных стран.
942 ## - ADDED ENTRY ELEMENTS (KOHA)
Koha item type წიგნი
ეგზემპლარები
Withdrawn status Lost status Damaged status Not for loan Date acquired Barcode Date last seen Price effective from Koha item type
        2018-12-17 3750 2018-12-17 2018-12-17 წიგნი